Способ повышения безопасности движения транспортного средства посредством учета состояния водителя; Современные техника и технологии; Т. 1

Bibliografske podrobnosti
Parent link:Современные техника и технологии: сборник трудов XIX международной научно-практической конференции студентов, аспирантов и молодых ученых, Томск, 15-19 апреля 2013 г./ Национальный исследовательский Томский политехнический университет (ТПУ).— , 2013
Т. 1.— 2013.— [С. 196-197]
Glavni avtor: Скрипка А. О.
Korporativna značnica: Национальный исследовательский Томский политехнический университет (ТПУ) Институт кибернетики (ИК) Кафедра компьютерных измерительных систем и метрологии (КИСМ)
Drugi avtorji: Ганин А. В. (научный руководитель), Винокуров Б. Б. Борис Борисович
Izvleček:Заглавие с титульного экрана
Jezik:ruščina
Izdano: 2013
Serija:Приборостроение
Teme:
Online dostop:http://www.lib.tpu.ru/fulltext/c/2013/C01/V1/097.pdf
Format: MixedMaterials Elektronski Book Chapter
KOHA link:https://koha.lib.tpu.ru/cgi-bin/koha/opac-detail.pl?biblionumber=242771

MARC

LEADER 00000naa2a2200000 4500
001 242771
005 20251215110509.0
035 |a (RuTPU)RU\TPU\book\264091 
035 |a RU\TPU\book\264089 
090 |a 242771 
100 |a 20130910d2013 k y0rusy50 ca 
101 0 |a rus 
102 |a RU 
135 |a drnn ---uucaa 
181 0 |a i  
182 0 |a b 
200 1 |a Способ повышения безопасности движения транспортного средства посредством учета состояния водителя  |f А. О. Скрипка, А. В. Ганин  |g науч. рук. Б. Б. Винокуров 
203 |a Текст  |c электронный 
225 1 |a Приборостроение 
300 |a Заглавие с титульного экрана 
320 |a [Библиогр.: с. 197 (3 назв.)] 
337 |a Adobe Reader 
461 1 |0 (RuTPU)RU\TPU\book\263794  |t Современные техника и технологии  |o сборник трудов XIX международной научно-практической конференции студентов, аспирантов и молодых ученых, Томск, 15-19 апреля 2013 г.  |o в 3 т.  |f Национальный исследовательский Томский политехнический университет (ТПУ)   |d 2013 
463 1 |0 (RuTPU)RU\TPU\book\263795  |t Т. 1  |v [С. 196-197]  |d 2013 
610 1 |a труды учёных ТПУ 
610 1 |a электронный ресурс 
610 1 |a безопасность 
610 1 |a движение 
610 1 |a транспортные средства 
610 1 |a водители 
610 1 |a состояние здоровья 
700 1 |a Скрипка  |b А. О. 
701 1 |a Ганин  |b А. В. 
702 1 |a Винокуров  |b Б. Б.  |c специалист в области неразрушающего контроля  |c доцент Томского политехнического университета, кандидат технических наук  |f 1942-  |g Борис Борисович  |4 727 
712 0 2 |a Национальный исследовательский Томский политехнический университет (ТПУ)  |b Институт кибернетики (ИК)  |b Кафедра компьютерных измерительных систем и метрологии (КИСМ)  |3 (RuTPU)RU\TPU\col\18706 
801 2 |a RU  |b 63413507  |c 20180301  |g RCR 
856 4 |u http://www.lib.tpu.ru/fulltext/c/2013/C01/V1/097.pdf 
942 |c CF